000 00562nam a2200205 a 4500
001 2929
003 CO-ViMGA
008 141112s2004 ck r 000 u spa d
040 _aCO-ViMGA
_bspa
_cCO-ViMGA
082 0 4 _a574.192 B782
100 1 _aBruchmann, Ernest Erich
_952113
245 1 0 _aBioquímica tecnica :
_bquímica alimentaria de las fermentaciones y agrícola
260 _aZaragoza :
_bAcribia,
_c1980
300 _a233 p : il
590 _aEjemplares : 01
650 1 4 _aBIOQUIMICA
650 1 4 _aENZIMAS
650 1 4 _aVITAMINAS
942 _2ddc
_cBK
999 _c14995
_d14995